000
00320nam a22001337a 4500
008
181102b xxu||||| |||| 00| 0 eng d
020
_a
9780672315909
041
_a
eng
080
_a
004
100
_a
28
101
_a
SHKI
245
_a
Visual Basic Programmer's Guide to the Win32 API
_c
Appleman, D
942
_2
udc
_c
BK
999
_c
51667
_d
51667